000 00686nam a2200217 a 4500
999 _c2122
_d2122
003 BD-JhCC
005 20171030084438.0
008 171030s2006 bg a|||| ||a| 000 0 ben d
020 _a9840745166
035 _a(BD-JhCC)
040 _aBD-JhCC
_dBD-JhCC
041 _aben
082 _a398.09
_bKHA 2006
100 _aখান, শামসুজ্জামান
245 _aবাংলাদেশের লোকঐতিহ্য /
_cশামসুজ্জামান খান,
260 _aঢাকা :
_bবাংলা একাডেমী,
_c2006
300 _a199 p. ;
_c22 cm.
650 _aFolk Tradition
_zBangladesh
942 _2ddc
_cBK